000 02073cam a22005174i 4500
003 PE-LiUPU
005 20250731165515.0
008 181119s1990 mx a r 001 0 spa d
020 _a9789682438752
020 _a9682438756
035 _a(Sirsi) a250686
040 _aPE-LiUPU
_bspa
_cPE-LiUPU
_erda
082 0 4 _a001.43
_bB75
_220
100 1 _aBosch García, Carlos,
_eautor.
245 1 3 _aLa técnica de investigación documental /
_cCarlos Bosch García.
250 _a12ava edición
264 1 _aMéxico :
_bTrillas,
_c1990.
300 _a74 páginas :
_bilustraciones ;
_c22 centímtros
336 _atext
_2rdacontent
337 _aunmediated
_2rdamedia
338 _avolume
_2rdacarrier
504 _aÍndice : páginas 73-74.
505 0 _aEl valor de la investigación -- La aproximación al tema -- Cómo lograr el material para el trabajo -- La manera de recoger el material -- Organización del material en el fichero de trabajo -- El proceso de escribir -- Las notas de pie de página -- La conclusión -- La presentación del trabajo, advertencia y prólogo -- La bibliografía -- Los índices -- Comentarios al margen.
526 _aSEG44
526 _aSEG26
526 _aP151
526 _aP150
526 _aP149
526 _aP146
526 _aP145
526 _aP126
526 _aP125
526 _aP92
526 _aP75
526 _aP74
526 _aP27
526 _aP15
541 _g002-00000600;
650 0 4 _aInvestigación
_xMetología.
650 0 4 _aInformes, Redacción.
910 _adbm
_bksl
_cksl
_d20181119
942 _2ddc
_cBOOK
949 _a515.1 E86
_wDEWEY
_c1
_i52108
_lCCODEBUL1
_mBUL
_p6.00
_r0
_sY
_tBOOK
_u2015-06-24
_xINGENIERIA
_zUNKNOWN
_0COMPRA
_o.STAFF. Colección General
596 _a1
999 _a001.43 B75
_wDEWEY
_c30164
_i79244
_f2021-11-4
_g4
_lCCODEBUL1
_mBUL
_p13.62
_r0
_sY
_tBOOK
_u2018-11-19
_xBIBLIOTECA
_PP22
_0COMPRA
_1FCOMPR2
_o.STAFF. Colección Ciencias de la Salud
_d30164
980 _81
_gALBERTO SANCHEZ Responsable de Automatización